Normal view
MARC view
- TEACHERS.SCHOOLS AND SOCIETY.INTRODUCTION TO EDUCATION.FOUNDATIONS OF EDUCATIONS
Entry Topical Term
001 - CONTROL NUMBER
- control field: 64298
003 - CONTROL NUMBER IDENTIFIER
- control field: NUST
005 - DATE AND TIME OF LATEST TRANSACTION
- control field: 20210628203242.0
008 - FIXED-LENGTH DATA ELEMENTS
- fixed length control field: 210628|| aca||aabn | a|a d
040 ## - CATALOGING SOURCE
- Original cataloging agency: NUST
- Transcribing agency: NUST
150 ## - HEADING--TOPICAL TERM
- Topical term or geographic name entry element: TEACHERS.SCHOOLS AND SOCIETY.INTRODUCTION TO EDUCATION.FOUNDATIONS OF EDUCATIONS
670 ## - SOURCE DATA FOUND
- Source citation: Work cat.: (NUST): Sadker, Myra Pollack, Sadker, David Miller 64297, Teachers, schools, and society, 2005
